000 00740nam a2200205 i 4500
001 135517
003 ES-MaACL
005 20230906194910.0
007 t|
008 070719s1966 sp ||||1| spa d
080 _a347.65(37)(04)
100 1 _aTorrent, Armando.
_9110832
245 1 0 _aVenditio hereditatis
_b: la venta de herencia en Derecho Romano /
_cArmando Torrent ; prólogo de Pablo Fuenteseca.
260 _aSalamanca :
_bUniversidad de Salamanca,
_c1966.
300 _a268 p. ;
_c24 cm.
650 1 4 _aSucesiones (Derecho Romano)
_917245
700 1 _aFuenteseca, Pablo.
_952953
710 1 _aUniversidad de Salamanca.
_bSecretariado de Publicaciones e Intercambio Científico.
_97289
852 _aES-MaACL
_jC-31532
_bR.61971
999 _c135517
_d135517